Discrete mathematics and its applications (Record no. 3026)

MARC details
000 -LEADER
fixed length control field 00578nam a22002057a 4500
003 - CONTROL NUMBER IDENTIFIER
control field OSt
005 - DATE AND TIME OF LATEST TRANSACTION
control field 20160210151854.0
008 - FIXED-LENGTH DATA ELEMENTS--GENERAL INFORMATION
fixed length control field 160210b xxu||||| |||| 00| 0 eng d
020 ## - INTERNATIONAL STANDARD BOOK NUMBER
International Standard Book Number 9780071315012
040 ## - CATALOGING SOURCE
Transcribing agency DDC
082 ## - DEWEY DECIMAL CLASSIFICATION NUMBER
Classification number 511.1 ROS 2013
100 ## - MAIN ENTRY--PERSONAL NAME
Personal name Rosen, Kenneth H.
9 (RLIN) 6768
245 ## - TITLE STATEMENT
Title Discrete mathematics and its applications
250 ## - EDITION STATEMENT
Edition statement 7th ed.
260 ## - PUBLICATION, DISTRIBUTION, ETC. (IMPRINT)
Place of publication, distribution, etc. New York; McGraw Hill, 2013
300 ## - PHYSICAL DESCRIPTION
Extent xxiv, 836p; col.ill: 27cm
504 ## - BIBLIOGRAPHY, ETC. NOTE
Bibliography, etc Appendices, answers, credits, bibliography, & index
650 ## - SUBJECT ADDED ENTRY--TOPICAL TERM
Topical term or geographic name as entry element Discrete mathematics
9 (RLIN) 2694
942 ## - ADDED ENTRY ELEMENTS (KOHA)
Source of classification or shelving scheme Other/Generic Classification Scheme
Koha item type Open Shelf
Holdings
Withdrawn status Lost status Source of classification or shelving scheme Damaged status Not for loan Home library Current library Date acquired Source of acquisition Inventory number Total Checkouts Full call number Barcode Date last seen Koha item type
    Dewey Decimal Classification     MUST Main Library MUST Main Library 10/02/2016   15/39195   511.1 ROS 2013 2016-0160 10/02/2016 Open Shelf
    Dewey Decimal Classification     MUST Main Library MUST Main Library 11/02/2016   15/39196   511.1 ROS 2013 2016-0164 11/02/2016 Open Shelf